3000 Solved problems in biology
| Main Author: | |
|---|---|
| Format: | Book |
| Published: |
United State Of America :
McGraw-Hill Book Company. ,
1989
|
| Subjects: |
MARC
| LEADER | 00000cam a2200000 7i4500 | ||
|---|---|---|---|
| 001 | 0000008306 | ||
| 002 | 000009058 | ||
| 005 | 20000330.0 | ||
| 020 | |a 007099157X | ||
| 090 | 0 | 0 | |a 574.076 |b BER |
| 100 | 1 | |a Bernstein, Ruth | |
| 245 | 1 | 0 | |a 3000 Solved problems in biology |c Ruth Bernstein |
| 260 | |a United State Of America : |b McGraw-Hill Book Company. , |c 1989 | ||
| 300 | |a 406 p. ; |c 26 cm. | ||
| 650 | 0 | 0 | |a Biology |x Examinations, questions, etc |
| 999 | |a 024236 |b BUKU |c PINJAMAN |e PERPUSTAKAAN KOMUNITI PETALING JAYA | ||